000 00477nam a2200181Ia 4500
001 9292
005 20260306161708.0
008 260306t2014||||xx |||||||||||||| ||spa||
041 _aESP
082 _a378.071
_bT47S
100 _aThivierge, Guy-Réal
_eAUT
245 0 _aLas culturas de los jóvenes en las universidades católicas:
_bun estudio mundial
260 _c2014
300 _as.páginas :
_c24 cm.
650 _aGEN
654 _aCED
942 _cLIB
_dJUS
_fJUS
_2ddc
_n
999 _c9292
_d9292